000 01393nam0a22003251 4500
001 rc\899571
005 20260406154108.0
035 _a(NLR Aleph) 006075393
090 _a5042262
_c5042262
100 _a20041129d1983 |||y0rusy50 ca
101 0 _arus
102 _aRU
105 _aa |||||||||
200 1 _aПрофессор Волдемар Янович Фрицберг
_eПерсон. библиогр. указ.
_f[Сост. И. Зиле
_gВступ. ст. А. Штернберга]
210 _aРига
_cЛГУ
_d1983
215 _a86 с., 1 л. портр.
_d20
225 1 _aУченые Латвийского государственного университета им. П. Стучки
_f... Науч. б-ка
300 _aЗагл. обл.: В.Я. Фирцберг
300 _aЗагл. также: латыш.
300 _aВступ. ст. парал.: латыш., рус.
512 0 _aВ. Я. Фрицберг
600 1 _aФрицберг
_bВ.Я.
_gВолдемар Янович
_2psbo
702 1 _aЗиле
_bИ.Я.
_gИлона Язеповна
_4220
712 0 2 _aЛатвийский государственный университет
_cРига
_bНаучная библиотека
_3RU\NLR\AUTH\889929444
_9354424
801 0 _aRU
_bNLR
_gpsbo
801 1 _aRU
_bELAR
_2rusmarc
852 _aNLR
_bОНЛ
942 _cBOOK
980 _aNB